000 00314 a2200109 4500
001 ART_41078
005 20260410161942.0
008 260409a
245 1 0 _aNuevos tiempos. Nuevas soluciones
100 1 _aChara, María J.
773 0 _tTemas de derecho laboral
_g- Nº 2 (feb. 2017)
_wREV27619
999 _c29624
_d29624